| Registos Bibliográficos associados ao registo de autoridade |
|
Etiqueta de registo: 00254nam 2200025 450 001 2289353 003 http://id.bnportugal.gov.pt/bib/catbnp/2289353 010 ## $a978-972-8241-93-3 021 ## $aPT$b558333/25 100 ## $a20180619d2025 m d0pory01030103ba 101 0# $apor$aeng 102 ## $aPT 105 ## $aa b 100yy 106 ## $ar 200 1# $aBF24 Vila Franca de Xira$eBienal de Fotografia de Vila Franca de Xira$dVila Franca de Xira Photography Biennal$fcoord-geral Direção Municipal do Ambiente e Desenvolvimento Humano$gimagens Alexandre de Magalhães... [et al.]$gtextos Fernando Paulo Ferreira... [et al.]$zeng 210 #9 $aVila Franca de Xira$cCâmara Municipal de Vila Franca de Xira,$d2025 215 ## $a167 p.$cil.$d21 cm 305 ## $aEd. bilingue em português e inglês 510 1# $aVila Franca de Xira Photography Biennal$zeng 702 #1 $92$aMagalhães,$bAlexandre$4600$32002336 702 #1 $aFerreira,$bFernando Paulo$4070$31529240 710 12 $aBienal de Fotografia de Vila Franca de Xira,$eVila Franca de Xira,$f2024$32002330 712 02 $aVila Franca de Xira.$bCâmara Municipal.$bDireção Municipal do Ambiente e Desenvolvimento Humano $4340$32002335 801 #0 $aPT$bBN$gRPC 966 ## $lBN$mFGMON$x1 966 ## $lBN$mFGMON$x1 971 ## $cjbeatriz$d20260701
|
|
|